Interpretación y análisis de estados contables (Registro nro. 880)
[ vista simple ]
| 000 -LEADER | |
|---|---|
| fixed length control field | 00831 a2200205 4500 |
| 001 - CONTROL NUMBER | |
| control field | 21998 |
| 005 - DATE AND TIME OF LATEST TRANSACTION | |
| control field | 20260407155509.0 |
| 008 - FIXED-LENGTH DATA ELEMENTS--GENERAL INFORMATION | |
| fixed length control field | 260407a1990 arg spa d |
| 003 - CONTROL NUMBER IDENTIFIER | |
| control field | AR-UNSa-BCEJYS |
| 040 ## - CATALOGING SOURCE | |
| Original cataloging agency | AR-UNSa-BCEJYS |
| Language of cataloging | spa |
| Transcribing agency | AR-UNSa-BCEJYS |
| 080 ## - UNIVERSAL DECIMAL CLASSIFICATION NUMBER | |
| Universal Decimal Classification number | 657.3 |
| Common auxiliary subdivision | Presupuestos. Cierre de Cuentas. Balances (Estados Contables) |
| 100 1# - MAIN ENTRY--PERSONAL NAME | |
| Personal name | Biondi, Mario |
| 245 10 - TITLE STATEMENT | |
| Title | Interpretación y análisis de estados contables |
| 250 ## - EDITION STATEMENT | |
| Edition statement | 2a. ed |
| 264 #1 - PRODUCTION, PUBLICATION, DISTRIBUTION, MANUFACTURE, AND COPYRIGHT NOTICE | |
| Place of production, publication, distribution, manufacture | Buenos Aires : |
| Name of producer, publisher, distributor, manufacturer | Ediciones Macchi |
| Date of production, publication, distribution, manufacture, or copyright notice | 1990 |
| 300 ## - PHYSICAL DESCRIPTION | |
| Extent | 146 p. |
| Dimensions | 28 cm. |
| 505 ## - FORMATTED CONTENTS NOTE | |
| Formatted contents note | 1. Valores - 2. Estados contables - 3. Los cambios en la posición financieras de las empresas - 4. Tipos de análisis con estados contables - 5. Caso Base - 6. Presentación de informes sobre el análisis de estados contables. |
| 590 ## - LOCAL NOTE (RLIN) | |
| Local note | niveau_biblio:m niveau_hierar:0 |
| 942 ## - ADDED ENTRY ELEMENTS (KOHA) | |
| Koha item type | |
| Withdrawn status | Lost status | Damaged status | Not for loan | Home library | Current library | Shelving location | Date acquired | Total checkouts | Full call number | Barcode | Date last seen | Price effective from | Koha item type |
|---|---|---|---|---|---|---|---|---|---|---|---|---|---|
| Biblioteca Prof. Eusebio Cleto del Rey | Biblioteca Prof. Eusebio Cleto del Rey | 07/04/2026 | 657.3 B615 2ed. | L53164 | 07/04/2026 | 07/04/2026 | Libro |